Un Dialogue des Juges / (Record no. 96334)
[ view plain ]
| 000 -LEADER | |
|---|---|
| fixed length control field | 00740nam a22001937a 4500 |
| 005 - DATE AND TIME OF LATEST TRANSACTION | |
| control field | 20150629091842.0 |
| 008 - FIXED-LENGTH DATA ELEMENTS--GENERAL INFORMATION | |
| fixed length control field | 150629b mx||||| |||| 00| 0 fr d |
| 020 ## - INTERNATIONAL STANDARD BOOK NUMBER | |
| International Standard Book Number | 9786074687125 |
| 050 04 - LIBRARY OF CONGRESS CALL NUMBER | |
| Classification number | K3370.A2 |
| Item number | T73 2014 |
| 111 2# - MAIN ENTRY--MEETING NAME | |
| Meeting name or jurisdiction name as entry element | Travaux du Sommet des Présidents des Cours Suprémes, Constitutionelles et Régionales |
| Location of meeting | México |
| Date of meeting | 20121 |
| 245 10 - TITLE STATEMENT | |
| Title | Un Dialogue des Juges / |
| Statement of responsibility, etc | Suprema Corte de Justicia de la Nación |
| 250 ## - EDITION STATEMENT | |
| Edition statement | 1a ed. |
| 260 ## - PUBLICATION, DISTRIBUTION, ETC. (IMPRINT) | |
| Place of publication, distribution, etc | México : |
| Name of publisher, distributor, etc | Suprema Corte de Justicia de la Nación, |
| Date of publication, distribution, etc | 2014 |
| 300 ## - PHYSICAL DESCRIPTION | |
| Extent | p v ; |
| Dimensions | 29 cm. |
| 611 #4 - SUBJECT ADDED ENTRY--MEETING NAME | |
| Meeting name or jurisdiction name as entry element | Tribunales Constitucionales |
| Form subdivision | Congresos |
| 611 #4 - SUBJECT ADDED ENTRY--MEETING NAME | |
| Meeting name or jurisdiction name as entry element | Tribunales Constitucionales (Jueces) |
| General subdivision | Diálogos |
| Form subdivision | Congresos |
| 711 ## - ADDED ENTRY--MEETING NAME | |
| Meeting name or jurisdiction name as entry element | Suprema Corte de Justicia de la Nación |
| 942 ## - ADDED ENTRY ELEMENTS (KOHA) | |
| Source of classification or shelving scheme | Biblioteca del Cogreso de los Estados Unidos |
| Koha item type | Libro |
| Estado de pérdida | Fuente de clasificación | Estado del daño | No para préstamo | Ubicación permanente | Ubicación actual | Apartado o colección | Fecha de adquisición | Edición | Área del conocimiento | Clasificación | Código de Barras | Date last seen | Número de copia | Tipo de recurso |
|---|---|---|---|---|---|---|---|---|---|---|---|---|---|---|
| Biblioteca del Cogreso de los Estados Unidos | Biblioteca del Posgrado en Derecho | Biblioteca del Posgrado en Derecho | General | 29/06/2015 | 1a ed. | Ciencias Sociales y Administrativas | K3370.A2 T73 2014 | BPD000002668 | 29/06/2015 | C : 1 | Libro |